00585nam a2200193Ia 4500008004100000020001500041041000800056082001600064100002000080245006200100260004100162300000800203365001100211650002100222650002100243942001200264999001900276952009600295140306s9999 xx 000 0 und d a8170360374 aeng a301bYOG/IN aYogendra, Singh aIndian sociology Social conditioing and emerging concerns aNew DelhibVistar publicationsc1986 a145 bRs.125 aSocial movements aSocial structure 2ddccBK c181543d181543 00102ddc4070aKAUCBVbKAUCBVg125.00l0o301 YOG/INr2014-03-22 00:00:00w2014-03-22yBK